Slovene Elements - Statistics

General Stats
  • This quiz has been taken 2 times
  • The average score is 13 of 15
Answer Stats
Hint Answer % Correct
29. [Cu] Baker
100%
19. [K]* Kalij
100%
8. [O] Kisik
100%
11. [Na]* Natrij
100%
6. [C] Ogljik
100%
47. [Ag] Srebro
100%
1. [H] Vodik
100%
74. [W]* Volfram
100%
26. [Fe] Železo
100%
80. [Hg] Živo Srebro
100%
79. [Au] Zlato
100%
7. [N] Dišik
50%
82. [Pb] Svinec
50%
16. [S] Žveplo
50%
50. [Sn] Kositer
0%
No matching quizzes found
Score Distribution
Percent of People with Each Score
Percentile by Number Answered
Your Score History
You have not taken this quiz